书目信息 |
| 题名: |
AIGC艺术设计实战
|
|
| 作者: | 宫欣君 , 章雨婕 , 罗小曼 编著 | |
| 分册: | 商业插画 | |
| 出版信息: | 北京 化学工业出版社 2024.09 |
|
| 页数: | 193页 | |
| 开本: | 24cm | |
| 丛书名: | ||
| 单 册: | ||
| 中图分类: | TP18 , J218.5-39 | |
| 科图分类: | ||
| 主题词: | 人工智能--应用--商业广告--插图 | |
| 电子资源: | ||
| ISBN: | 978-7-122-45935-0 | |
| 000 | 01044nam0 2200265 450 | |
| 001 | 0041303504 | |
| 005 | 20251022150305.49 | |
| 010 | @a978-7-122-45935-0@dCNY79.00 | |
| 100 | @a20241011d2024 em y0chiy0110 ea | |
| 101 | 0 | @achi |
| 102 | @aCN@b110000 | |
| 105 | @aa z 000yy | |
| 106 | @ar | |
| 200 | 1 | @aAIGC艺术设计实战@9AIGC yi shu she ji shi zhan@i商业插画@b专著@f宫欣君,章雨婕,罗小曼编著 |
| 210 | @a北京@c化学工业出版社@d2024.09 | |
| 215 | @a193页@c彩图@d24cm | |
| 330 | @a本书介绍了Midjourney的基本操作方法和技巧,包括数据准备、模型选择、参数调整等内容。此外,书中还分析了AI技术与商业插画的融合方式,讲解了如何将AI技术应用于商业插画的各个环节,从需求分析、数据准备、模型选择到结果评估,提供了一套完整的AI商业插画流程和方法。 | |
| 606 | 0 | @a人工智能@x应用@x商业广告@x插图 |
| 690 | @aTP18@v5 | |
| 690 | @aJ218.5-39@v5 | |
| 701 | 0 | @a宫欣君@9gong xin jun@4编著 |
| 701 | 0 | @a章雨婕@9zhang yu jie@4编著 |
| 701 | 0 | @a罗小曼@9luo xiao man@4编著 |
| 801 | 0 | @aCN@c20250905 |
| 905 | @a河南城建学院图书馆@dTP18@eG375-2@ZG375-2@f1 | |
| AIGC艺术设计实战.商业插画/宫欣君,章雨婕,罗小曼编著.-北京:化学工业出版社,2024.09 |
| 193页:彩图;24cm |
| ISBN 978-7-122-45935-0:CNY79.00 |
| 本书介绍了Midjourney的基本操作方法和技巧,包括数据准备、模型选择、参数调整等内容。此外,书中还分析了AI技术与商业插画的融合方式,讲解了如何将AI技术应用于商业插画的各个环节,从需求分析、数据准备、模型选择到结果评估,提供了一套完整的AI商业插画流程和方法。 |
| ● |
| 相关链接 |
|
|
|
正题名:AIGC艺术设计实战
索取号:TP18/G375-2
 
预约/预借
| 序号 | 登录号 | 条形码 | 馆藏地/架位号 | 状态 | 备注 |
| 1 | 1631144 | 216311444 | 自科库301/ [索取号:TP18/G375-2] | 在馆 |